Movies Quiz

Random Movies or Actor Quiz

Dan Aykroyd Movies Quiz Stats

 Plays Quiz Updated Jan 1, 2021

     
Support Sporcle.
Go Orange.
Score 0/67 Timer 10:00
0 Plays Today
Year Movie % Correct
2016Ghostbusters
91.2%
1984Ghostbusters
91%
1980The Blues Brothers
77.6%
1989Ghostbusters II
72.8%
1998Blues Brothers 2000
47.5%
1987Dragnet
43.9%
1983Trading Places
43.4%
1993Coneheads
40.2%
1991My Girl
31.2%
1989Driving Miss Daisy
27.9%
1995Tommy Boy
27.2%
1985Spies Like Us
25.4%
1994My Girl 2
25.2%
1988The Great Outdoors
24.3%
1991Nothing But Trouble
18.8%
1988Caddyshack II
18%
19791941
17.9%
1983Twilight Zone: The Movie
17.4%
1997Grosse Pointe Blank
16.8%
1983Doctor Detroit
16.5%
200450 First Dates
16.5%
1992Sneakers
16.1%
1981Neighbors
15.8%
2001Pearl Harbor
15.2%
1984Indiana Jones and the Temple of Doom
14.8%
2010Yogi Bear
14.2%
1998Antz
13.4%
1988My Stepmother Is an Alien
13.3%
1996My Fellow Americans
13.1%
2007I Now Pronounce You Chuck & Larry
13.1%
1996Sgt. Bilko
13.1%
2004Christmas with the Kranks
13.1%
1992Chaplin
12.6%
2015Pixels
12.4%
Year Movie % Correct
2012The Campaign
11.6%
1996Celtic Pride
10.8%
2001Evolution
10.8%
2014Tammy
10.7%
1988The Couch Trip
10.3%
1994Exit to Eden
10%
1990Loose Cannons
9.9%
2014Get on Up
9.9%
2002Crossroads
9.9%
1994North
9.8%
2008War, Inc.
9.3%
2000Loser
9.2%
1984Nothing Lasts Forever
7.6%
1996Feeling Minnesota
7.6%
2001The Curse of the Jade Scorpion
7.5%
1985Into the Night
7.5%
2013Legends of Oz: Dorothy's Return
7.4%
2000The House of Mirth
7.3%
1999Diamonds
7.2%
2000Stardom
7.2%
1977Love at First Sight
7%
2003Bright Young Things
6.9%
1992This Is My Life
6.8%
1979Mr. Mike's Mondo Video
6.8%
2004Intern Academy
6.8%
1995Rainbow
6.6%
1996Getting Away with Murder
6.6%
1998Susan's Plan
6.2%
1990Masters of Menace
6.2%
2001On the Nose
6%
2002Unconditional Love
6%
2004The Devil and Daniel Webster
5.9%
1995The Random Factor
5.5%

From the Vault

States Smaller than Puerto Rico Minefield

by Hejman

If Puerto Rico became a U.S. state, we'd sure have a lot of quizzes to update.
Remove Ads.
Support Sporcle.
Get the best of Sporcle when you Go Orange. This ad-free experience offers more features, more stats, and more fun while also helping to support Sporcle. Thank you for becoming a member.

Show Comments

Extras

Top Quizzes Today


Score Distribution

Your Account Isn't Verified!

In order to create a playlist on Sporcle, you need to verify the email address you used during registration. Go to your Sporcle Settings to finish the process.

Report this User

Report this user for behavior that violates our Community Guidelines.

Details: